000 00593nam a2200241Ia 4500
003 OSt
005 20221005132228.0
006 a|||||r|||| 00| 0
007 ta
008 221004b |||||||| |||| 00| 0 tam d
024 _a52749
037 _cTextual
040 _aCRL
_cCRL
_btam
041 _2tam
_atam
082 _aZ2,4, 31K4
100 _aSubramanyam Shanmuga Au.
_9640767
245 0 _aTheengial sattam
260 _c1964
300 _a334p.
_ccm.
650 _aLAW
942 _hZ2,4, 31K4
_cTEXL
_2cc
999 _c1062951
_d1062951